|
|
|
|
| LEADER |
01778cas a2200289 a 4500 |
| 001 |
AALejournalIMF023047 |
| 008 |
230101c9999 xx r poo 0 0eng d |
| 020 |
|
|
|c 5.00 USD
|
| 020 |
|
|
|z 9798400216862
|
| 022 |
|
|
|a 2663-3493
|
| 040 |
|
|
|a BD-DhAAL
|c BD-DhAAL
|
| 110 |
2 |
|
|a International Monetary Fund.
|b Strategy, Policy, and Review Department.
|
| 245 |
1 |
0 |
|a Staff Guidance Note on the Sovereign Risk and Debt Sustainability Framework for Market Access Countries.
|
| 264 |
|
1 |
|a Washington, D.C. :
|b International Monetary Fund,
|c 2022.
|
| 300 |
|
|
|a 1 online resource (135 pages)
|
| 490 |
1 |
|
|a Policy Papers
|
| 500 |
|
|
|a <strong>Off-Campus Access:</strong> No User ID or Password Required
|
| 500 |
|
|
|a <strong>On-Campus Access:</strong> No User ID or Password Required
|
| 506 |
|
|
|a Electronic access restricted to authorized BRAC University faculty, staff and students
|
| 520 |
3 |
|
|a This note provides operational guidance for the use of the Sovereign Risk and Debt Sustainability Framework (SRDSF), which replaces the Debt Sustainability Framework for Market Access Countries. The SRDSF introduces improvements in organization, methodology, transparency, and communication when analyzing public debt issues in countries that mainly finance themselves with market-based debt. After its phased adoption beginning [June 2022], it will become the Fund's principal tool for assessing public debt sustainability.
|
| 538 |
|
|
|a Mode of access: Internet
|
| 650 |
|
7 |
|a Debt Management
|2 imf
|
| 650 |
|
7 |
|a Debt
|2 imf
|
| 650 |
|
7 |
|a Monetary Policy
|2 imf
|
| 650 |
|
7 |
|a Political Economy
|2 imf
|
| 830 |
|
0 |
|a Policy Papers; Policy Paper ;
|v No. 2022/039
|
| 856 |
4 |
0 |
|z Full text available on IMF
|u https://elibrary.imf.org/openurl?genre=journal&issn=2663-3493&volume=2022&issue=039
|z IMF e-Library
|